00395 2200157 4500245004600000020002200046250001000068100001600078700001600094005001900110260005700129041001400186084001000200300001800210336000900228 aPacu Jalur KemerdekaancAgnes BemoehText a978-602-6477-41-5 aCet.1 aAgnes Bemoe aInnerChilld a20240926105317 aJakartabKementerian Pendidikan dan Kebudayaanc2019 aIndonesia a741.5 a49 hlm :cpdf atext